[Event "Oberhausen 2- Katernberg 3"]
[Site "?"]
[Date "2023.04.30"]
[Round "8.6"]
[White "Kraus, Kilian"]
[Black "Geerlings, Gerd"]
[Result "1-0"]
[WhiteElo "1763"]
[BlackElo "2320"]
[Annotator "daniel"]
[PlyCount "121"]
[SourceDate "2022.10.02"]

1. d4 Nf6 2. Nc3 d5 3. Bf4 e6 4. Nb5 Na6 5. e3 c6 6. Nc3 Bd6 7. Bxa6 bxa6 8.
Bxd6 Qxd6 9. Na4 Nd7 10. Nf3 O-O 11. Nd2 c5 12. c3 e5 13. O-O cxd4 14. cxd4 e4
15. Nb3 f5 16. Nbc5 f4 17. exf4 Rxf4 18. Qh5 Nxc5 19. Nxc5 Bf5 20. Rae1 Qf6 21.
g3 g6 22. Qh6 Rf3 23. Re3 Qxd4 24. Rxf3 exf3 25. Qe3 Qxe3 26. fxe3 Be4 27. Nb3
Rb8 28. Rf2 Rb6 29. Nd4 Rf6 30. Rf1 h5 31. Kf2 g5 32. Rc1 Kg7 33. Rc7+ Kg6 34.
Rxa7 Rb6 35. b3 g4 36. Rc7 Bb1 37. a4 Bd3 $11 38. a5 Rd6 39. Rc6 Rf6 40. b4
Rxc6 41. Nxc6 Kf6 42. Nd4 Ke7 43. b5 Kd7 44. b6 Kd6 45. Ne6 Kc6 46. b7 Kxb7 47.
Nc5+ Kc6 48. Nxd3 Kb5 49. Nf4 Kxa5 50. Nxd5 Kb5 51. e4 a5 52. Ke3 a4 53. Nc3+
Kb4 54. e5 Kxc3 55. e6 a3 56. e7 a2 57. e8=Q Kb2 58. Qb5+ Kc2 59. Qa4+ Kb2 60.
Qb4+ Kc1 61. Qa3+ 1-0

[Event "Oberhausen 2- Katernberg 3"]
[Site "?"]
[Date "2023.04.30"]
[Round "8.7"]
[White "Sauer, Bernd"]
[Black "Akcapinar, Yafuz"]
[Result "1/2-1/2"]
[WhiteElo "1865"]
[BlackElo "1784"]
[PlyCount "60"]
[SourceDate "2022.10.02"]

1. d4 Nf6 2. c4 b6 3. Nc3 Bb7 4. Nf3 g6 5. g3 Bg7 6. Bg2 Ne4 7. Nxe4 Bxe4 8.
O-O O-O 9. Bg5 Re8 10. Qd2 d6 11. Bh6 Bb7 12. Bxg7 Kxg7 13. Qf4 f6 14. Rad1 Nd7
15. d5 Nf8 16. Nd4 Qc8 17. Qh4 e5 18. Nc2 Qd8 19. e4 Bc8 20. f4 Bd7 21. fxe5
fxe5 22. Qxd8 Raxd8 23. Rf2 Re7 24. Rdf1 h6 25. h4 Nh7 26. Kh2 Rf8 27. Bh3
Rxf2+ 28. Rxf2 Nf6 29. Bxd7 Rxd7 30. Re2 Ng4+ 1/2-1/2

[Event "Oberhausen 2- Katernberg 3"]
[Site "?"]
[Date "2023.04.30"]
[Round "8.8"]
[White "Seibert, Michael"]
[Black "Blome, Simon"]
[Result "1/2-1/2"]
[WhiteElo "2035"]
[BlackElo "1913"]
[Annotator "daniel"]
[PlyCount "80"]
[SourceDate "2022.10.02"]

1. d4 Nf6 2. Bg5 d5 3. Bxf6 exf6 4. e3 Bf5 5. Nf3 Bd6 6. c4 Bxb1 7. Rxb1 Bb4+
8. Nd2 c5 9. a3 Bxd2+ 10. Qxd2 dxc4 $11 11. d5 b5 12. b3 Nd7 13. bxc4 bxc4 14.
Bxc4 O-O 15. O-O Nb6 16. Rfc1 Qd6 17. Rb5 Rfd8 18. e4 Rac8 19. g3 f5 20. exf5
Nxc4 21. Rxc4 Qxd5 22. Qc2 Re8 23. Rb1 Rc6 24. Rd1 Qe5 25. Re4 Qb8 26. Rd7 Rxe4
27. Qxe4 Rd6 28. Rxa7 Rd8 29. Qe7 Rf8 30. Qxc5 Qb1+ 31. Kg2 Qe4+ 32. f3 Qe2+
33. Qf2 Qd3 34. g4 h5 35. Re7 hxg4 36. fxg4 Qxa3 37. f6 Rb8 38. Re3 Qa4 39. h3
Qc6+ 40. Qf3 Rb2+ 1/2-1/2

[Event "SV Bönen 1 - SC Listiger Bauer 1"]
[Site "?"]
[Date "2023.04.30"]
[Round "8.1"]
[White "Kunisch, Siegfried"]
[Black "Schlottmann, Fabian"]
[Result "0-1"]
[WhiteElo "2060"]
[BlackElo "2292"]
[PlyCount "46"]
[EventDate "2023.04.30"]
[SourceDate "2022.10.02"]
[WhiteTeam "SC Listiger Bauer Essen-West 1"]
[BlackTeam "SV BÃ¶nen 1"]

1. e4 e6 2. d4 d5 3. e5 c5 4. c3 Nc6 5. Nf3 Nh6 6. Bxh6 gxh6 7. Bd3 cxd4 8.
cxd4 Bd7 9. Nc3 Qb6 10. Be2 f6 11. exf6 Bd6 12. f7+ Kxf7 13. O-O Rhf8 14. Rc1
Ne7 15. Qd2 Kg7 16. Nd1 Ng6 17. g3 Rf6 18. Ne3 Raf8 19. Ne1 Kh8 20. Ng4 R6f7
21. Nxh6 Rg7 22. Ng4 Nf4 23. Ng2 Qxd4 0-1

[Event "SV Bönen 1 - SC Listiger Bauer 1"]
[Site "?"]
[Date "2023.04.30"]
[Round "8.2"]
[White "Mönkemeyer, Maik"]
[Black "Mandl, Stefan"]
[Result "1-0"]
[WhiteElo "1874"]
[BlackElo "1964"]
[PlyCount "81"]
[EventDate "2023.04.30"]
[SourceDate "2022.10.02"]
[WhiteTeam "SV BÃ¶nen 1"]
[BlackTeam "SC Listiger Bauer Essen-West 1"]

1. d4 g6 2. Bf4 Bg7 3. e3 Nf6 4. Nf3 O-O 5. Be2 c5 6. c3 d6 7. O-O Nc6 8. Nbd2
Re8 9. Nb3 Qb6 10. a4 e5 11. dxe5 dxe5 12. Bg5 Be6 13. Nbd2 e4 14. Ne1 Qxb2 15.
Bxf6 Bxf6 16. Nxe4 Bxc3 17. Rb1 Qa3 18. Nxc3 Qxc3 19. Rxb7 Nb4 20. Nf3 Bd5 21.
Rxb4 Bxf3 22. Rb3 Qxb3 23. Qxb3 Bxe2 24. Re1 c4 25. Qc3 Bd3 26. h3 Rab8 27. Rc1
Re7 28. Qd4 Rc7 29. Kh2 Rbc8 30. Rc3 Bf5 31. Kg3 Be6 32. a5 Rc5 33. a6 h5 34.
f4 R8c7 35. e4 Kh7 36. Kh4 Rb5 37. g4 Rb3 38. gxh5 gxh5 39. f5 Rxc3 40. Qxc3
Bc8 41. Qe5 1-0

[Event "SV Bönen 1 - SC Listiger Bauer 1"]
[Site "?"]
[Date "2023.04.30"]
[Round "8.3"]
[White "Klups, Christoph"]
[Black "Merz, Martin"]
[Result "1-0"]
[WhiteElo "1958"]
[BlackElo "1971"]
[PlyCount "69"]
[EventDate "2023.04.30"]
[SourceDate "2022.10.02"]
[WhiteTeam "SC Listiger Bauer Essen-West 1"]
[BlackTeam "SV BÃ¶nen 1"]

1. e4 c5 2. Nf3 d6 3. d4 cxd4 4. Nxd4 Nf6 5. Nc3 a6 6. Be3 Ng4 7. Bg5 h6 8. Bh4
g5 9. Bg3 Bg7 10. Be2 h5 11. Bxg4 Bxg4 12. f3 Bd7 13. Qd2 Qa5 14. Nb3 Bxc3 15.
bxc3 Qc7 16. O-O Nc6 17. Qxg5 O-O-O 18. Qd2 h4 19. Bf4 Rdg8 20. Kh1 h3 21. g3
f5 22. Rab1 fxe4 23. Nc5 Nd8 24. Nxe4 Ne6 25. Bxd6 exd6 26. Nxd6+ Qxd6 27. Qxd6
Nd8 28. Rfe1 Re8 29. Kg1 Bc6 30. Kf2 Nf7 31. Qf6 Ref8 32. Qf5+ Kb8 33. Re7 Nh6
34. Rbxb7+ Bxb7 35. Qd7 1-0

[Event "SV Bönen 1 - SC Listiger Bauer 1"]
[Site "?"]
[Date "2023.04.30"]
[Round "8.4"]
[White "Helmert, Jochen"]
[Black "Ball, JÃ¶rg"]
[Result "1/2-1/2"]
[WhiteElo "1891"]
[BlackElo "1920"]
[PlyCount "64"]
[EventDate "2023.04.30"]
[SourceDate "2022.10.02"]
[WhiteTeam "SV BÃ¶nen 1"]
[BlackTeam "SC Listiger Bauer Essen-West 1"]

1. e4 g6 2. d4 Bg7 3. Nc3 d6 4. Nf3 c6 5. h3 Nf6 6. Be2 O-O 7. O-O Nbd7 8. Be3
Qc7 9. Qd2 e5 10. dxe5 dxe5 11. a4 Nh5 12. Rfd1 Re8 13. Bc4 Nf8 14. Ng5 Ne6 15.
Bxe6 Bxe6 16. Nxe6 Rxe6 17. Qd7 Re7 18. Qxc7 Rxc7 19. Rd2 b6 20. Rad1 Kf8 21.
g3 Ke7 22. a5 b5 23. Bc5+ Ke8 24. Na2 Bf8 25. Bxf8 Kxf8 26. Nb4 Nf6 27. f3 Ke7
28. g4 g5 29. Kf2 Rac8 30. Na6 Rd7 31. Nc5 Rxd2+ 32. Rxd2 Rc7 1/2-1/2

[Event "SV Bönen 1 - SC Listiger Bauer 1"]
[Site "?"]
[Date "2023.04.30"]
[Round "8.5"]
[White "Brandhorst, Dieter"]
[Black "Wegner, Stephan"]
[Result "0-1"]
[WhiteElo "1914"]
[BlackElo "1791"]
[PlyCount "68"]
[EventDate "2023.04.30"]
[SourceDate "2022.10.02"]
[WhiteTeam "SC Listiger Bauer Essen-West 1"]
[BlackTeam "SV BÃ¶nen 1"]

1. e4 e6 2. d4 d5 3. e5 c5 4. c3 Qb6 5. Nf3 Nc6 6. Bd3 cxd4 7. O-O Bd7 8. Re1
Nge7 9. h4 Rc8 10. Nbd2 dxc3 11. bxc3 Ng6 12. c4 Bc5 13. Rb1 Nb4 14. Bxg6 Bxf2+
15. Kf1 hxg6 16. Re2 Bxh4 17. a3 Bg3 18. Ng1 Rh1 19. Ndf3 Rxc4 20. Be3 Qa6 21.
Rxb4 Rxb4 22. axb4 Bb5 23. Bf2 Bxe2+ 24. Qxe2 Qxe2+ 25. Kxe2 Bxf2 26. Kxf2 Rh8
27. Ke3 Ke7 28. Ne2 Rc8 29. Kd3 Rc4 30. b5 a5 31. bxa6 bxa6 32. Ned4 f6 33. Nh4
fxe5 34. Nxg6+ Kf6 0-1

[Event "SV Bönen 1 - SC Listiger Bauer 1"]
[Site "?"]
[Date "2023.04.30"]
[Round "8.6"]
[White "Lenz, Guntram"]
[Black "Wagner, Ole	"]
[Result "1-0"]
[WhiteElo "1814"]
[BlackElo "1892"]
[PlyCount "89"]
[EventDate "2023.04.30"]
[SourceDate "2022.10.02"]
[WhiteTeam "SV BÃ¶nen 1"]
[BlackTeam "SC Listiger Bauer Essen-West 1"]

1. d4 Nf6 2. c4 e6 3. Nf3 d5 4. Nc3 c6 5. cxd5 cxd5 6. Bf4 Nc6 7. e3 a6 8. Rc1
Be7 9. Bd3 O-O 10. O-O Bd7 11. Ne5 Rc8 12. Nxc6 Bxc6 13. Qf3 Bd6 14. Bxd6 Qxd6
15. Qh3 e5 16. dxe5 Qxe5 17. Bf5 Rcd8 18. Rfd1 Rfe8 19. Rd4 g6 20. Bc2 Kg7 21.
Qg3 Qxg3 22. hxg3 Ne4 23. Bb3 Nxc3 24. Rxc3 Re4 25. Rcd3 Rxd4 26. Rxd4 Rd7 27.
Kf1 Kf8 28. Ke1 h5 29. g4 hxg4 30. Rxg4 Re7 31. g3 Re4 32. Rxe4 dxe4 33. Kd2
Ke7 34. Kc3 b6 35. Kd4 f5 36. Ke5 Bb7 37. a3 Bc6 38. Bc4 a5 39. b4 axb4 40.
axb4 Bd7 41. Bd5 Be8 42. Be6 Ba4 43. Bc8 Bd1 44. Ba6 Bh5 45. Bb5 1-0

[Event "SV Bönen 1 - SC Listiger Bauer 1"]
[Site "?"]
[Date "2023.04.30"]
[Round "8.7"]
[White "Petri, Norbert"]
[Black "Romstadt, Dirk"]
[Result "1-0"]
[WhiteElo "1852"]
[BlackElo "1697"]
[PlyCount "63"]
[EventDate "2023.04.30"]
[SourceDate "2022.10.02"]
[WhiteTeam "SC Listiger Bauer Essen-West 1"]
[BlackTeam "SV BÃ¶nen 1"]

1. c4 e5 2. Nc3 b6 3. g3 Bb7 4. Nf3 e4 5. Nd4 e3 6. f3 exd2+ 7. Bxd2 Nf6 8. e4
d6 9. Bg2 Nbd7 10. O-O Nc5 11. Be3 Ne6 12. Qa4+ Qd7 13. Qxd7+ Nxd7 14. Nd5 Bxd5
15. cxd5 Nxd4 16. Bxd4 Rg8 17. f4 g6 18. Rac1 Kd8 19. Bh3 Nc5 20. Bf6+ Be7 21.
Bxe7+ Kxe7 22. b4 Na6 23. a3 Rab8 24. Rfe1 Rb7 25. e5 Nb8 26. Rc2 g5 27. Kf2 g4
28. Bg2 Rc8 29. Be4 h5 30. Bf5 Rg8 31. Rec1 Kd8 32. exd6 1-0

[Event "SV Bönen 1 - SC Listiger Bauer 1"]
[Site "?"]
[Date "2023.04.30"]
[Round "8.8"]
[White "Rudlof, JÃ¼rgen"]
[Black "Reich, Andreas"]
[Result "1-0"]
[WhiteElo "1696"]
[BlackElo "1778"]
[PlyCount "49"]
[EventDate "2023.04.30"]
[SourceDate "2022.10.02"]
[WhiteTeam "SV BÃ¶nen 1"]
[BlackTeam "SC Listiger Bauer Essen-West 1"]

1. e4 e6 2. d4 d5 3. exd5 exd5 4. Bd3 Bd6 5. Ne2 Ne7 6. O-O O-O 7. c3 Bf5 8.
Ng3 Bxd3 9. Qxd3 Nd7 10. Nd2 c6 11. a4 Qc7 12. Nf3 Rfe8 13. Bd2 Nf8 14. Rae1
Nfg6 15. Re2 Nf4 16. Bxf4 Bxf4 17. Rfe1 g6 18. Ne5 f6 19. Ng4 Kf7 20. Nh5 f5
21. Ngf6 gxh5 22. Nxe8 Rxe8 23. Qh3 Kg7 24. Qxh5 Qd6 25. Qxe8 1-0

[Event "Annen- Hamm"]
[Site "?"]
[Date "2023.04.30"]
[Round "8.1"]
[White "Schlaap, Ralf"]
[Black "Mainka, Gregor"]
[Result "1/2-1/2"]
[WhiteElo "2119"]
[BlackElo "2210"]
[PlyCount "35"]
[SourceDate "2022.10.02"]

1. Nf3 Nf6 2. d4 e6 3. Bf4 c5 4. c3 b6 5. e3 Be7 6. h3 O-O 7. Bd3 Ba6 8. Bxa6
Nxa6 9. O-O Qc8 10. Nbd2 Qb7 11. Qe2 Rac8 12. Rac1 d5 13. Rfe1 b5 14. e4 Rfd8
15. Be5 dxe4 16. Nxe4 Nd5 17. dxc5 Nxc5 18. Rcd1 1/2-1/2

[Event "Annen- Hamm"]
[Site "?"]
[Date "2023.04.30"]
[Round "8.2"]
[White "Dahlbeck, Mirko"]
[Black "Woertler, Lars"]
[Result "1/2-1/2"]
[WhiteElo "2032"]
[BlackElo "1935"]
[PlyCount "88"]
[SourceDate "2022.10.02"]

1. e4 c5 2. Nf3 g6 3. c4 Bg7 4. d4 cxd4 5. Nxd4 Nc6 6. Be3 Nf6 7. Nc3 O-O 8.
Be2 Nxd4 9. Bxd4 d6 10. O-O Bd7 11. Qd3 Bc6 12. Rad1 Nd7 13. Bxg7 Kxg7 14. Nd5
Bxd5 15. exd5 Kg8 16. b3 a5 17. a4 f5 18. Qc3 Qc7 19. f4 Nf6 20. Bf3 Rf7 21.
Rde1 Qc5+ 22. Kh1 Rc8 23. Re3 Rc7 24. Rfe1 b6 25. g3 h5 26. h3 Rh7 27. Re6 Rf7
28. Qd2 Kf8 29. Kg2 Kg7 30. R1e3 Kf8 31. Qd3 Rg7 32. Qe2 Rf7 33. g4 fxg4 34.
hxg4 hxg4 35. Bxg4 Qd4 36. Kg3 Nh5+ 37. Bxh5 Qxf4+ 38. Kg2 gxh5 39. Rg6 h4 40.
Re4 h3+ 41. Kh1 Qf3+ 42. Kh2 Qxe2+ 43. Rxe2 Rf3 44. Rg3 Rxg3 1/2-1/2

[Event "Annen- Hamm"]
[Site "?"]
[Date "2023.04.30"]
[Round "8.3"]
[White "Brieger, Sebastian"]
[Black "Al Ali, Mohammad"]
[Result "1/2-1/2"]
[WhiteElo "1645"]
[BlackElo "1833"]
[PlyCount "66"]
[SourceDate "2022.10.02"]

1. e4 c5 2. c3 g6 3. d4 cxd4 4. cxd4 Bg7 5. Nc3 e6 6. Nf3 Ne7 7. Bd3 O-O 8. O-O
d6 9. Be3 Nbc6 10. Qd2 e5 11. d5 Nb4 12. Bb1 f5 13. Bh6 f4 14. Bxg7 Kxg7 15. a3
Na6 16. b4 Nc7 17. Bd3 Bg4 18. Be2 Bxf3 19. Bxf3 Ng8 20. Be2 h5 21. a4 Nh6 22.
a5 Nf7 23. b5 Ne8 24. Qb2 Ng5 25. f3 h4 26. h3 Nf6 27. b6 a6 28. Kf2 Nh5 29.
Rg1 Qc8 30. Na4 Qd7 31. Qb4 Rac8 32. Rac1 Nf7 33. Nb2 Ng3 1/2-1/2

[Event "Annen- Hamm"]
[Site "?"]
[Date "2023.04.30"]
[Round "8.5"]
[White "Fluegel, Thomas"]
[Black "Hartung, Thomas"]
[Result "0-1"]
[WhiteElo "1778"]
[BlackElo "1912"]
[PlyCount "52"]
[SourceDate "2022.10.02"]

1. d4 Nf6 2. c4 c5 3. d5 b5 4. cxb5 a6 5. bxa6 Bxa6 6. Nc3 d6 7. Nf3 g6 8. g3
Bg7 9. Bg2 Nbd7 10. O-O O-O 11. Rb1 Qa5 12. Bd2 Rfb8 13. b3 Qc7 14. Nh4 Ra7 15.
Qc1 Rab7 16. Qa3 Ra7 17. Qc1 Nb6 18. Qc2 Rba8 19. Rfe1 Qd8 20. f4 Bb7 21. e4
Ng4 22. a4 Bd4+ 23. Kh1 Nf2+ 24. Kg1 Nxe4+ 25. Kf1 Nxc3 26. Bxc3 Ba6+ 0-1

[Event "Rüttenscheid- Hansa Dortmund 2"]
[Site "?"]
[Date "2023.04.30"]
[Round "8.1"]
[White "Zelt, Jens"]
[Black "Michalek, Christoph"]
[Result "1/2-1/2"]
[WhiteElo "2086"]
[BlackElo "2183"]
[PlyCount "33"]
[SourceDate "2022.10.02"]

1. d4 d5 2. Nf3 Nf6 3. Bf4 Bf5 4. c3 c6 5. Qb3 Qb6 6. Nbd2 Nbd7 7. e3 Nh5 8.
Bg3 Nxg3 9. hxg3 h6 10. Be2 e6 11. O-O Bd6 12. c4 O-O 13. Rfc1 Nf6 14. a3 Ne4
15. c5 Qxb3 16. Nxb3 Bc7 17. Nfd2 1/2-1/2

[Event "Rüttenscheid- Hansa Dortmund 2"]
[Site "?"]
[Date "2023.04.30"]
[Round "8.2"]
[White "Dorgarten, Armin"]
[Black "Dawid, Adalbert"]
[Result "1/2-1/2"]
[WhiteElo "2062"]
[BlackElo "2120"]
[PlyCount "34"]
[SourceDate "2022.10.02"]

1. e4 e6 2. Nf3 d5 3. Nc3 Nf6 4. e5 Nfd7 5. d4 c5 6. Be3 Nc6 7. Bb5 cxd4 8.
Bxd4 Bc5 9. Bxc6 bxc6 10. O-O O-O 11. Re1 a5 12. Na4 Be7 13. c3 c5 14. Be3 Qc7
15. Bf4 Nb6 16. Bg3 Bd7 17. Nxb6 Qxb6 1/2-1/2

[Event "Rüttenscheid- Hansa Dortmund 2"]
[Site "?"]
[Date "2023.04.30"]
[Round "8.3"]
[White "Werner, Patrick"]
[Black "Kreitling, Oliver"]
[Result "1/2-1/2"]
[WhiteElo "1882"]
[BlackElo "1897"]
[PlyCount "21"]
[SourceDate "2022.10.02"]

1. Nf3 d5 2. g3 c6 3. Bg2 Nf6 4. O-O Bf5 5. c4 dxc4 6. Na3 Qc8 7. Nxc4 Bh3 8.
d3 Bxg2 9. Kxg2 Nbd7 10. Bf4 Nd5 11. Bd2 1/2-1/2

[Event "Ahlen- Buer"]
[Site "?"]
[Date "2023.04.30"]
[Round "8.2"]
[White "Torres- Kuckel, Rafael"]
[Black "Wiechen, Ulrich"]
[Result "1-0"]
[WhiteElo "2096"]
[BlackElo "2156"]
[PlyCount "87"]
[SourceDate "2022.10.02"]

1. e4 e5 2. Nf3 Nc6 3. Bb5 a6 4. Ba4 d6 5. Bxc6+ bxc6 6. d4 Bg4 7. dxe5 dxe5 8.
Qe2 Qf6 9. Nbd2 Ne7 10. h3 Bd7 11. Nc4 Ng6 12. O-O Bd6 13. Rd1 h6 14. Be3 Ke7
15. Rd2 c5 16. Nxd6 cxd6 17. Rad1 Rhd8 18. Rxd6 Bb5 19. Rxd8 Rxd8 20. Bxc5+ Ke8
21. Rxd8+ Qxd8 22. c4 Nf4 23. Qc2 Bd7 24. Qd2 f6 25. Qd6 Kf7 26. Be3 Qc8 27.
Bxf4 exf4 28. Nd4 g5 29. Kh2 Qe8 30. c5 Bc8 31. Qd5+ Be6 32. Qxe6+ Qxe6 33.
Nxe6 Kxe6 34. b4 Kd7 35. f3 Kc6 36. Kg1 h5 37. Kf1 Kd7 38. Ke2 Ke6 39. Kd3 g4
40. a4 f5 41. exf5+ Kxf5 42. b5 axb5 43. axb5 Ke6 44. Ke4 1-0

[Event "Waltrop- Gladbeck"]
[Site "?"]
[Date "2023.04.30"]
[Round "8.1"]
[White "Hassenrueck, Helmut"]
[Black "Eckert, Marius"]
[Result "0-1"]
[WhiteElo "2153"]
[BlackElo "2114"]
[PlyCount "92"]
[SourceDate "2022.10.02"]

1. d4 Nf6 2. Nf3 e6 3. e3 b6 4. Bd3 Bb7 5. O-O Be7 6. c4 d6 7. Nc3 Nbd7 8. e4
O-O 9. Rb1 d5 10. cxd5 exd5 11. e5 Ne4 12. Qe2 f5 13. exf6 Ndxf6 14. Ne5 c5 15.
Nxe4 Nxe4 16. f3 Nf6 17. Bf5 Qd6 18. Qd3 Bc8 19. Bf4 Bxf5 20. Qxf5 Nh5 21. Qxh5
Rxf4 22. dxc5 bxc5 23. g3 g6 24. Qh3 Ra4 25. Rbe1 Bf6 26. Nd3 Rxa2 27. Re6 Qf8
28. Rfe1 c4 29. Nf4 Rxb2 30. Rc6 Bd4+ 31. Kh1 Re8 32. Rce6 Rbb8 33. Qg4 Qf7 34.
Nxd5 Rxe6 35. Rxe6 Bg7 36. Rd6 c3 37. Rd7 c2 38. Ne7+ Kf8 39. Nxg6+ Kg8 40.
Ne7+ Kh8 41. Rc7 Qxe7 42. Rxe7 c1=Q+ 43. Kg2 Rb2+ 44. Kh3 Qf1+ 45. Kh4 Bf6+ 46.
Kh5 Rxh2+ 0-1

[Event "Waltrop- Gladbeck"]
[Site "?"]
[Date "2023.04.30"]
[Round "8.2"]
[White "Gasper, Joern"]
[Black "Frohne, Gerd"]
[Result "1-0"]
[WhiteElo "2057"]
[BlackElo "2103"]
[PlyCount "121"]
[SourceDate "2022.10.02"]

1. e4 e6 2. d4 d5 3. exd5 exd5 4. Nf3 Bd6 5. c4 c6 6. Nc3 Ne7 7. Bd3 dxc4 8.
Bxc4 O-O 9. O-O Bg4 10. h3 Bh5 11. g4 Bg6 12. Ne5 b5 13. Bb3 b4 14. Ne2 Nd7 15.
Bg5 Qc7 16. f4 Be4 17. Bxe7 Bxe7 18. Ng3 Bd5 19. Bxd5 cxd5 20. Rc1 Qb7 21. Qa4
Nxe5 22. fxe5 Bg5 23. Rcd1 g6 24. Rf3 a5 25. Rdf1 Qb6 26. Ne2 Ra7 27. Qb3 Rd8
28. a4 Rc7 29. Kg2 Rdd7 30. Kg3 Qa6 31. Qd1 Qc4 32. h4 Bd8 33. b3 Qc2 34. Qd3
Qxd3 35. Rxd3 Rc6 36. g5 Bb6 37. Rf6 Rdc7 38. Kf3 h6 39. Nf4 Rxf6 40. gxf6 Rd7
41. Rd2 g5 42. hxg5 hxg5 43. Rg2 Bxd4 44. Rxg5+ Kh8 45. Rg7 Ra7 46. e6 Bxf6 47.
Rxf7 Rxf7 48. exf7 Kg7 49. Nxd5 Kxf7 50. Ne3 Ke6 51. Ke4 Kd6 52. Nc4+ Kc5 53.
Nxa5 Kb6 54. Nc4+ Kc5 55. Ne3 Bd8 56. Ng4 Be7 57. Ne5 Bd6 58. Nd3+ Kb6 59. Kd5
Bf8 60. Kc4 Ka5 61. Ne5 1-0

[Event "Waltrop- Gladbeck"]
[Site "?"]
[Date "2023.04.30"]
[Round "8.3"]
[White "Berg, Dietmar"]
[Black "Winterberg, Andreas"]
[Result "0-1"]
[WhiteElo "2076"]
[BlackElo "1991"]
[PlyCount "78"]
[SourceDate "2022.10.02"]

1. d4 Nf6 2. Nf3 d5 3. e3 e6 4. Bd3 c5 5. c3 Nc6 6. Nbd2 Be7 7. O-O O-O 8. dxc5
Bxc5 9. e4 Qc7 10. Qc2 h6 11. b4 Bd6 12. Bb2 Bd7 13. a3 Rac8 14. c4 dxc4 15.
Nxc4 Be7 16. Rac1 Qf4 17. Qe2 a6 18. Rc2 Bd8 19. Bc1 Qg4 20. Nd6 Rb8 21. h3 Qh5
22. e5 Nd5 23. Qe4 f5 24. exf6 Nxf6 25. Qe2 e5 26. Ne4 Kh8 27. Ng3 Qe8 28. Re1
Bb6 29. Bb2 Rd8 30. Ne4 Nxe4 31. Bxe4 Bf5 32. Nh4 Bxf2+ 33. Qxf2 Bxe4 34. Qe2
Bxc2 35. Qxc2 Rf6 36. Nf3 Qg6 37. Qxg6 Rxg6 38. Nxe5 Nxe5 39. Bxe5 Kg8 0-1

[Event "Waltrop- Gladbeck"]
[Site "?"]
[Date "2023.04.30"]
[Round "8.4"]
[White "Drewes, Martin"]
[Black "Kruse, Peter"]
[Result "1/2-1/2"]
[WhiteElo "1942"]
[BlackElo "1952"]
[PlyCount "56"]
[SourceDate "2022.10.02"]

1. e4 c5 2. c3 Nf6 3. e5 Nd5 4. d4 cxd4 5. Nf3 Nc6 6. cxd4 d6 7. Be2 g6 8. Nc3
Nxc3 9. bxc3 Bg7 10. exd6 Qxd6 11. O-O O-O 12. a4 Rd8 13. Qb3 Be6 14. Qa3 Qc7
15. Bg5 Bf8 16. Bh4 f6 17. Qb2 Na5 18. Bg3 Qc8 19. Nd2 Bh6 20. f4 Qd7 21. Ne4
b6 22. Nd2 Rac8 23. Ba6 Ra8 24. Rfe1 Bd5 25. Bb5 Qb7 26. Bf1 Rac8 27. Qb4 Bf8
28. Qb2 Kg7 1/2-1/2

[Event "Waltrop- Gladbeck"]
[Site "?"]
[Date "2023.04.30"]
[Round "8.5"]
[White "Rickert, Stefan"]
[Black "Breidenbach, Rolf"]
[Result "1-0"]
[WhiteElo "2031"]
[BlackElo "1914"]
[PlyCount "115"]
[SourceDate "2022.10.02"]

1. e4 g6 2. Nf3 c6 3. d4 d5 4. e5 Bg4 5. h3 Bxf3 6. Qxf3 e6 7. c3 Nd7 8. Be3
Bh6 9. Nd2 Bxe3 10. fxe3 f5 11. Bd3 Nh6 12. O-O Qe7 13. b4 O-O 14. a4 Kh8 15.
b5 g5 16. Qh5 Qg7 17. c4 Qg6 18. Qxg6 hxg6 19. Nf3 Nf7 20. Rfb1 Rab8 21. a5
Rfc8 22. c5 Kg7 23. Kf2 Kh6 24. Ra3 Kh5 25. Rab3 Nd8 26. Be2 Kh6 27. g3 Nf7 28.
Ne1 Kg7 29. Nc2 Rh8 30. Kg2 Rhc8 31. R3b2 Nd8 32. Bd3 Rc7 33. Nb4 Ra8 34. Kf2
g4 35. hxg4 fxg4 36. Be2 cxb5 37. Bxb5 Nc6 38. Nxc6 bxc6 39. Be2 Rf8+ 40. Kg2
Rf7 41. Rf1 Nf8 42. Rxf7+ Kxf7 43. Bxg4 Nh7 44. a6 Ng5 45. Rb7 Re7 46. Bd1 Ke8
47. Ba4 Kd8 48. Rxe7 Kxe7 49. Bxc6 Ne4 50. Bb5 Nc3 51. Bd3 g5 52. Kf3 Nd1 53.
Bc2 Nb2 54. e4 dxe4+ 55. Bxe4 Nc4 56. Bb7 Nd2+ 57. Ke2 Nb3 58. Kd3 1-0

[Event "Waltrop- Gladbeck"]
[Site "?"]
[Date "2023.04.30"]
[Round "8.6"]
[White "Atali, Dogukan"]
[Black "Rickert, Dirk"]
[Result "1-0"]
[WhiteElo "1829"]
[BlackElo "2116"]
[Annotator "daniel"]
[PlyCount "79"]
[SourceDate "2022.10.02"]

1. e4 e5 2. Nf3 Nc6 3. Bb5 a6 4. Ba4 Nf6 5. O-O b5 6. Bb3 Be7 7. Re1 d6 8. c3
Na5 9. Bc2 c5 10. d4 Nc6 11. h3 O-O 12. Nbd2 Qc7 13. d5 Nd8 14. b3 Bd7 15. Nf1
b4 16. Bb2 a5 $11 17. a3 bxc3 18. Bxc3 Nb7 19. Ne3 Rfb8 20. Nd2 g6 21. g4 h5
22. Qf3 hxg4 23. hxg4 Qc8 24. Bd1 Nh7 25. Kg2 Qf8 26. Rh1 Qg7 27. Bc2 f6 28.
Qg3 Kf7 29. Ndc4 Bd8 30. a4 Bc7 31. f4 exf4 32. Qxf4 g5 33. Qf3 Nf8 34. Raf1
Bd8 35. e5 dxe5 36. Nxe5+ Ke8 37. Nxd7 Nxd7 38. Nf5 Qg8 39. Re1+ Kf8 40. Qe4
1-0

[Event "Waltrop- Gladbeck"]
[Site "?"]
[Date "2023.04.30"]
[Round "8.7"]
[White "Busch, Udo"]
[Black "Sehrbrock, Christoph"]
[Result "1/2-1/2"]
[WhiteElo "1781"]
[BlackElo "1970"]
[PlyCount "75"]
[SourceDate "2022.10.02"]

1. d4 Nf6 2. c4 g6 3. Nc3 Bg7 4. e4 d6 5. f3 c6 6. Be3 Qa5 7. Qd2 a6 8. Nge2
Nbd7 9. Nc1 e5 10. dxe5 dxe5 11. Be2 Nf8 12. Qd6 Ne6 13. Nb3 Qc7 14. Qxc7 Nxc7
15. Bb6 Ne6 16. O-O-O O-O 17. g3 Re8 18. Kb1 Nd7 19. Be3 Bf8 20. a3 b6 21. Rd2
Ndc5 22. Nxc5 bxc5 23. Ka2 Nd4 24. Rc1 Be6 25. Na4 Rab8 26. Rc3 Rb7 27. Bxd4
cxd4 28. Rb3 Rxb3 29. Kxb3 Rb8+ 30. Kc2 c5 31. b3 Be7 32. Rd1 Rf8 33. Nb6 f5
34. Bd3 f4 35. g4 a5 36. a4 g5 37. Nd5 Bd8 38. Rd2 1/2-1/2

[Event "Waltrop- Gladbeck"]
[Site "?"]
[Date "2023.04.30"]
[Round "8.8"]
[White "Schmidt, Sebastian"]
[Black "Wendt, Peter"]
[Result "1-0"]
[WhiteElo "1731"]
[BlackElo "1776"]
[PlyCount "141"]
[SourceDate "2022.10.02"]

1. e4 d6 2. d4 Nf6 3. Nc3 g6 4. f4 Bg7 5. Nf3 O-O 6. Be2 c6 7. e5 dxe5 8. fxe5
Nd5 9. Ne4 Bf5 10. Nc5 b6 11. Nd3 e6 12. O-O Nd7 13. Bg5 Qc8 14. Qd2 a5 15. c3
Ra7 16. Nf4 Bg4 17. h3 Nxf4 18. Bxf4 Bxf3 19. Rxf3 c5 20. h4 cxd4 21. cxd4 Rc7
22. Bd3 h5 23. Bh6 Qd8 24. Bg5 Qa8 25. Bf6 Qd5 26. Qf4 Kh7 27. Kh1 Bh6 28. Bg5
Bg7 29. Be7 Bh6 30. Qg3 Kg7 31. Raf1 Qxd4 32. Bxf8+ Nxf8 33. Qf2 Qxf2 34. R1xf2
Kg8 35. Rc2 Rd7 36. Rc8 Bg7 37. b3 Rd5 38. Rb8 Rxe5 39. Rxb6 Re1+ 40. Kh2 Be5+
41. g3 Rd1 42. a4 Rd2+ 43. Kh3 Bd4 44. Rc6 Bg1 45. Rc2 Rxc2 46. Bxc2 Bc5 47.
Rd3 Kg7 48. g4 hxg4+ 49. Kxg4 Nh7 50. Rc3 Nf6+ 51. Kf3 Bb4 52. Rc4 Nd5 53. Be4
Nc3 54. Ke3 e5 55. Bc6 f5 56. Rxb4 axb4 57. a5 f4+ 58. Kf3 Kf6 59. a6 Kf5 60.
a7 e4+ 61. Bxe4+ Nxe4 62. a8=Q Nd2+ 63. Ke2 Ne4 64. Qf8+ Kg4 65. Qxb4 Ng3+ 66.
Kf2 Nh1+ 67. Kg2 Ng3 68. Qf8 Nf5 69. b4 Nxh4+ 70. Kf2 Nf5 71. b5 1-0

[Event "Dortmunder SV 1 - SV Unna 1"]
[Site "Verbandsklasse, Gr. 1 2022/20"]
[Date "2023.04.30"]
[Round "8.1"]
[White "Barskij, Aleksandr"]
[Black "Schulenburg, Pit"]
[Result "1/2-1/2"]
[WhiteElo "1847"]
[BlackElo "2038"]
[PlyCount "71"]
[EventDate "2023.??.??"]
[SourceDate "2022.10.02"]
[WhiteTeam "SV Unna 1"]
[BlackTeam "Dortmunder SV 1"]

1. e4 d6 2. d4 Nf6 3. Nc3 e5 4. dxe5 dxe5 5. Qxd8+ Kxd8 6. Bc4 Bb4 7. Bg5 Ke7
8. f3 Be6 9. Bxe6 Bxc3+ 10. bxc3 fxe6 11. Rb1 b6 12. Nh3 Nc6 13. Nf2 h6 14. Bc1
Na5 15. Nd3 Nd7 16. O-O g5 17. g3 c5 18. f4 gxf4 19. gxf4 Rag8+ 20. Kh1 Rg4 21.
Rg1 Rhg8 22. Rxg4 Rxg4 23. Nxe5 Nxe5 24. fxe5 h5 25. Bh6 Nc4 26. Rg1 Nxe5 27.
Rxg4 Nxg4 28. Bg5+ Kd6 29. Kg2 Ke5 30. h3 Nf6 31. Bxf6+ Kxf6 32. Kf2 Kg5 33.
Kg3 h4+ 34. Kf3 e5 35. c4 Kh5 36. Ke3 {(=)} 1/2-1/2